000
00293nam a22001337a 4500
008
170710b xxu||||| |||| 00| 0 eng d
020
_a
0080287093
041
_a
eng
080
_a
05
100
_a
23
101
_a
ENC
245
_a
SYSTEM& CONTROL ENCYCLOPEDIA
_c
SINGH,D.G
942
_2
udc
_c
BK
999
_c
20154
_d
20154